<?xml version="1.0" encoding="UTF-8"?>
<record
    xmlns:xsi="http://www.w3.org/2001/XMLSchema-instance"
    xsi:schemaLocation="http://www.loc.gov/MARC21/slim http://www.loc.gov/standards/marcxml/schema/MARC21slim.xsd"
    xmlns="http://www.loc.gov/MARC21/slim">

  <leader>00749mam a2200229 a 4500</leader>
  <controlfield tag="001">3413154</controlfield>
  <controlfield tag="005">20220326193307.0</controlfield>
  <controlfield tag="008">030106s2001    cr a          000 p spa d</controlfield>
  <datafield tag="020" ind1=" " ind2=" ">
    <subfield code="a">996899376X</subfield>
  </datafield>
  <datafield tag="035" ind1=" " ind2=" ">
    <subfield code="a">(OCoLC)ocm51307019</subfield>
  </datafield>
  <datafield tag="040" ind1=" " ind2=" ">
    <subfield code="a">HLS</subfield>
    <subfield code="c">HLS</subfield>
  </datafield>
  <datafield tag="041" ind1="0" ind2=" ">
    <subfield code="a">spaporeng</subfield>
  </datafield>
  <datafield tag="082" ind1=" " ind2=" ">
    <subfield code="a">869.15</subfield>
    <subfield code="b">M386c</subfield>
  </datafield>
  <datafield tag="100" ind1="1" ind2=" ">
    <subfield code="a">Martins, Floriano; Z&#xFA;&#xF1;iga, Edgar,</subfield>
    <subfield code="9">1825</subfield>
  </datafield>
  <datafield tag="245" ind1="1" ind2="0">
    <subfield code="a">Cenizas del sol /</subfield>
    <subfield code="c">poes&#xED;a y escultura Floriano Martins y Edgar Z&#xFA;&#xF1;iga.</subfield>
  </datafield>
  <datafield tag="260" ind1=" " ind2=" ">
    <subfield code="a">San Jos&#xE9; :</subfield>
    <subfield code="b">Ediciones Andr&#xF3;meda,</subfield>
    <subfield code="c">2001.</subfield>
  </datafield>
  <datafield tag="300" ind1=" " ind2=" ">
    <subfield code="a">91 p. :</subfield>
    <subfield code="b">ill. ;</subfield>
    <subfield code="c">21 cm.</subfield>
  </datafield>
  <datafield tag="546" ind1=" " ind2=" ">
    <subfield code="a">Text in English, Spanish and Portuguese.</subfield>
  </datafield>
  <datafield tag="650" ind1=" " ind2=" ">
    <subfield code="a">Literratura</subfield>
    <subfield code="v">Poes&#xED;a</subfield>
    <subfield code="z">Brasil - Costa Rica</subfield>
    <subfield code="9">1826</subfield>
  </datafield>
  <datafield tag="700" ind1="1" ind2=" ">
    <subfield code="a">Martins, Floriano; Z&#xFA;&#xF1;iga, Edgar,</subfield>
    <subfield code="d">1950-</subfield>
    <subfield code="9">1827</subfield>
  </datafield>
  <datafield tag="999" ind1=" " ind2=" ">
    <subfield code="c">385</subfield>
    <subfield code="d">385</subfield>
  </datafield>
  <datafield tag="952" ind1=" " ind2=" ">
    <subfield code="0">0</subfield>
    <subfield code="1">0</subfield>
    <subfield code="2">ddc</subfield>
    <subfield code="4">0</subfield>
    <subfield code="7">0</subfield>
    <subfield code="a">LV</subfield>
    <subfield code="b">LV</subfield>
    <subfield code="c">Literatura</subfield>
    <subfield code="d">2014-11-28</subfield>
    <subfield code="l">0</subfield>
    <subfield code="o">869.15 M386c</subfield>
    <subfield code="p">000364</subfield>
    <subfield code="r">2014-11-28 00:00:00</subfield>
    <subfield code="w">2014-11-28</subfield>
    <subfield code="y">01</subfield>
  </datafield>
</record>
